لمحے : (Record no. 194259)

MARC details
000 -LEADER
fixed length control field 00642nam a22001937a 4500
005 - DATE AND TIME OF LATEST TRANSACTION
control field 20221212153629.0
010 ## - LCCN (DPL NO)
LC control number UR-11792
020 ## - INTERNATIONAL STANDARD BOOK NUMBER
International Standard Book Number 9789392496974
Terms of availability 107.00
035 ## - SYSTEM CONTROL NUMBER
System control number U-10347
037 ## - SOURCE OF ACQUISITION
Source of stock number/acquisition DBAD/PUB
Stock number -
082 ## - DEWEY DECIMAL CLASSIFICATION NUMBER
Classification number ک
100 ## - MAIN ENTRY--PERSONAL NAME
Personal name یاسمین اختر
245 ## - TITLE STATEMENT
Title لمحے :
Remainder of title افسانچوں کا مجموعہ /
Statement of responsibility, etc یاسمین اختر
Medium ا ر د و
246 ## - VARYING FORM OF TITLE
Title proper/short title Lamhey (a collection of Afchanchey) /
Remainder of title by Yasmin Akhtar
260 ## - PUBLICATION, DISTRIBUTION, ETC. (IMPRINT)
Place of publication, distribution, etc New Delhi
Name of publisher, distributor, etc Educational Publishing House
Date of publication, distribution, etc 2021 ء
270 ## - ADDRESS
Address H.o. D1/16, Ansari Road, Darya Ganj
City New Delhi
Postal code 110002
300 ## - PHYSICAL DESCRIPTION
Extent 160 ص
Dimensions 23cm(Hb)
942 ## - ADDED ENTRY ELEMENTS (KOHA)
Source of classification or shelving scheme Dewey Decimal Classification
Item type Urdu Bks
Call number suffix ی ا س
Classification part ک
Holdings
Withdrawn status Lost status Not for loan Collection code Home library Current library Date acquired Source of acquisition Cost, normal purchase price Full call number Barcode Copy number Cost, replacement price Koha item type
      Fiction Central Library Central Library 12/12/2022 DBAD/PUB 107.00 ک ی ا س U-10347 1 107.00 Urdu Bks

© Delhi Public Library
Hit Counter
free hit counter